000 00535nam a22001932 4500
001 0000006283
005 20170406121358.0
008 160407s xx 000 0 eng d
020 _a9780273779865 :
_c$56.52
040 _aYour Holding Symbol
_cYour Holding Symbol
100 1 _aLawrence JGitman.
245 1 0 _amanagerial finance :
_bFinance.
250 _a ed.13th.
260 _ainternational edition :
_bnew york,
_c1988.
300 _a 360p. :
_bill ;
_c cm.
504 _aindex.
650 0 _afinance.
908 _a160407
999 _c6028
_d6028